000 00462nam a2200181Ia 4500
001 12779
005 20260306163006.0
008 260306t2005||||xx |||||||||||||| ||spa||
041 _aESP
082 _aRD 270.3
_bD73 T. 1
100 _aHerder Editorial, S.L.
_eAUT
245 0 _aDiccionario enciclopédico de historia de la Iglesia:
_bA - H
260 _c2005
300 _apágs. :
_c22 cm.
650 _aGEN
654 _aCHU
942 _cDIC
_dJUS
_fJUS
_2ddc
_n
999 _c12779
_d12779